| 000 | 00399nam a22001577a 4500 | ||
|---|---|---|---|
| 999 |
_c17326 _d17326 |
||
| 008 | 181022b xxu||||| |||| 00| 0 eng d | ||
| 020 | _a1247007229 | ||
| 050 |
_aTX531 _b.S54 1911 c.1 |
||
| 100 | _aSherman, Henry C. | ||
| 245 | _aChemistry of Food and Nutrition | ||
| 260 |
_aNew York _bMacmillan _c1911 |
||
| 300 | _a355p. | ||
| 650 |
_aFood _vAnalysis |
||
| 650 | _aNutrition | ||
| 942 |
_2lcc _cBK |
||